[Event "Montreal Varennes U1500 op"]
[Site "Montreal"]
[Date "2011.11.05"]
[Round "3"]
[White "Plouffe, Michel"]
[Black "Montreuil, Carl"]
[Result "0-1"]
[WhiteElo "1104"]
[BlackElo "1306"]
[PlyCount "61"]
[EventDate "2011.11.04"]
[EventType "swiss"]
[EventRounds "5"]
[EventCountry "CAN"]
[SourceTitle "EXT 2022"]
[Source "ChessBase"]
[SourceDate "2021.10.06"]
[SourceVersion "1"]
[SourceVersionDate "2021.10.06"]
[SourceQuality "1"]

1. d4 Nf6 2. Nf3 g6 3. Nc3 Bg7 4. e4 d6 5. d5 0-0 6. Bf4 c5 7. Bd3 Nh5 8. Ne2 Bxb2 9. Rb1 Nxf4 10. Nxf4 Bc3+ 11. Nd2 e5 12. dxe6 fxe6 13. g3 Nc6 14. 0-0 Ne5 15. Nf3 c4 16. Nxe5 dxe5 17. Ne2 Qc7 18. Nxc3 cxd3 19. Qxd3 Bd7 20. Nb5 Qc6 21. Rfd1 Rad8 22. Nd6 Qc5 23. Rd2 Bc6 24. Rbd1 a6 25. Qb3 Rxd6 26. Qb2 Rxf2 27. Rxf2 Rxd1+ 28. Kg2 Bxe4+ 29. Kh3 Qxf2 30. Qxe5 Bg2+ 31. Kg4 0-1